[Event "Under 1500 standard"]
[Site "SchemingMind.com"]
[Date "2008.11.03"]
[Round "-"]
[White "cdhardy22"]
[Black "maro"]
[Result "0-1"]
[WhiteCountry "USA"]
[BlackCountry "MEX"]
[WhiteElo "1238"]
[WhiteRD "75"]
[BlackElo "1259"]
[BlackRD "58"]
[GameID "177406"]

1. e4 e5 2. d4 f6 3. Qh5+ g6 4. Qe2 exd4 5. e5 Bb4+ 6. c3 dxc3 7. bxc3 Bc5 8. exf6+ Ne7 9. Qf3 Nf5 10. g4 Nh4
11. f7+ Ke7 12. Bg5+ Kf8 13. Bxd8 Nxf3+ 14. Nxf3 Kxf7 15. Bc4+ Ke8 16. Bf6 Rf8 17. g5 d6 18. O-O Nd7 19. Re1+ Ne5 20. Nxe5 Be6
21. Bb5+ c6 22. Bxc6+ bxc6 23. Nxc6 Kd7 24. Na5 h6 25. gxh6 Rxf6 26. Nd2 Bxf2+ 27. Kf1 Bg3+ 28. Kg2 Bxe1 29. Rxe1 Bd5+ 30. Ne4 Rh8
31. h4 Rxh6 32. Kg3 Re6 33. Rd1 Bxe4 34. c4 Re5 35. c5 Rxc5 36. Nb7 Rc3+ 37. Kg4 Bf3+ 38. Kg5 Bxd1 39. Kxh6 Bc2 40. Kg5 Kc7
41. Na5 Ra3 42. Nc4 Rxa2 43. Ne3 Ra5+ 44. Kg4 Bb3 45. Nf1 Be6+ 46. Kg3 Rh5 47. Ne3 g5 48. hxg5 Rxg5+ 49. Kh4 Re5 50. Ng2 a5
51. Nf4 Bc4 52. Ng6 Re6 53. Nf4 Re4 54. Kg3 a4 55. Ng2 a3 56. Nf4 a2 57. Nd5+ Bxd5 58. Kf2 a1=Q 59. Kg2 Qg7+ 60. Kh2 Rh4#
0-1

[Event "Under 1500 standard"]
[Site "SchemingMind.com"]
[Date "2008.11.03"]
[Round "-"]
[White "cdhardy22"]
[Black "William Anthony"]
[Result "0-1"]
[WhiteCountry "USA"]
[BlackCountry "USA"]
[WhiteElo "1287"]
[WhiteRD "82"]
[BlackElo "1453"]
[BlackRD "97"]
[GameID "177407"]

1. e4 e5 2. d3 d6 3. h4 f5 4. exf5 Bxf5 5. c4 h6 6. Qh5+ g6 7. Qf3 Nc6 8. Ne2 Nf6 9. Nbc3 d5 10. Nxd5 e4
11. dxe4 Nxd5 12. exd5 Nb4 13. Nd4 Qf6 14. a3 Na6 15. d6 O-O-O 16. Bf4 Qxd4 17. dxc7 Nxc7 18. b4 g5 19. hxg5 Ne6 20. Be3 Qxa1+
21. Ke2 Qd1#
0-1

[Event "Under 1500 standard"]
[Site "SchemingMind.com"]
[Date "2008.11.04"]
[Round "-"]
[White "cdhardy22"]
[Black "AycaguerMarcel"]
[Result "0-1"]
[WhiteCountry "USA"]
[BlackCountry "URU"]
[WhiteElo "1287"]
[WhiteRD "82"]
[BlackElo "1453"]
[BlackRD "101"]
[GameID "177408"]

1. d4 d5 2. b3 Nf6 3. f3 Bf5 4. e4 dxe4 5. Bb5+ c6 6. fxe4 Bg4 7. Be2 Bxe2 8. Qxe2 Nbd7 9. e5 Nd5 10. c4 Nc7
11. Be3 e6 12. Nc3 Bb4 13. Qd3 Nxe5 14. Qc2 Ng4 15. Qe4 Bxc3+ 16. Bd2 Bxd2+ 17. Kxd2 Nf2 18. Qf3 Qxd4+ 19. Kc2 O-O-O 20. Qd1 Nxd1
21. Rxd1 Qe4+ 22. Kc1 Qxg2 23. Re1 Qxh1 24. h3 Qh2 25. Kb1 Rd2 26. Nf3 Rb2+ 27. Ka1 Rxa2+ 28. Kb1 Qb2#
0-1

[Event "Under 1500 standard"]
[Site "SchemingMind.com"]
[Date "2008.11.03"]
[Round "-"]
[White "Manfred Kraut"]
[Black "cdhardy22"]
[Result "1-0"]
[WhiteCountry "GER"]
[BlackCountry "USA"]
[WhiteElo "1390"]
[WhiteRD "72"]
[BlackElo "1287"]
[BlackRD "82"]
[GameID "177409"]

1. d4 d5 2. Nf3 f6 3. e3 Nc6 4. Bd3 Nb4 5. O-O g5 6. c3 Nc6 7. Nbd2 h5 8. h3 h4 9. Qe2 Bg7 10. e4 e6
11. exd5 Qxd5 12. Bc4 Qf5 13. d5 Ne5 14. Nd4 Nf3+ 15. N2xf3 Qxf3 16. Qxf3 e5 17. Nf5 Bxf5 18. Qxf5 Ne7 19. Qe6 a5 20. d6 cxd6
21. Qf7+ Kd7 22. Bb5+ Kc7 23. Qxe7+ Kb6 24. Qd7 Rhc8 25. Be3+ Rc5 26. Qxd6+ Ka7 27. Bxc5+ b6 28. Qxb6#
1-0

[Event "Under 1500 standard"]
[Site "SchemingMind.com"]
[Date "2008.11.03"]
[Round "-"]
[White "lucho-sc"]
[Black "cdhardy22"]
[Result "0-1"]
[WhiteCountry "URU"]
[BlackCountry "USA"]
[WhiteElo "1037"]
[WhiteRD "74"]
[BlackElo "1238"]
[BlackRD "75"]
[GameID "177410"]

1. e4 d5 2. Nc3 c6 3. d3 e5 4. Nf3 f6 5. h3 Na6 6. Be3 d4 7. Bxd4 exd4 8. Nxd4 Qxd4 9. Qh5+ g6 10. Qa5 b6
0-1

[Event "Under 1500 standard"]
[Site "SchemingMind.com"]
[Date "2008.11.08"]
[Round "-"]
[White "Shanks"]
[Black "cdhardy22"]
[Result "1-0"]
[WhiteCountry "ENG"]
[BlackCountry "USA"]
[WhiteElo "1415"]
[WhiteRD "69"]
[BlackElo "1229"]
[BlackRD "74"]
[GameID "177412"]

1. d4 d5 2. a3 Nc6 3. c3 b5 4. b4 Bf5 5. Nd2 g6 6. Bb2 Bh6 7. Ngf3 e6 8. e3 Bg4 9. Be2 Nce7 10. O-O Qd6
11. Bxb5+ c6 12. Be2 f5 13. Ne5 Nf6 14. Nxg4 Nxg4 15. g3 O-O 16. Bf3 c5 17. bxc5 Qa6 18. Bg2 Rab8 19. Qc2 Qe2 20. Bf3 Qb5
21. Rab1 Nc6 22. a4 Qb7 23. Ba1 Qa6 24. Rxb8 Nxb8 25. Bb2 Nc6 26. Re1 Rb8 27. Be2 Qb7 28. Nf3 Qxb2 29. Qd3 Rb3 30. Qa6 Nd8
31. Qxa7 Rxc3 32. Qa8 Bg5 33. Nxg5 Qd2 34. Qxd8+ Kg7 35. Qe7+ Kh6 36. Nf7+ Kg7 37. Ne5+ Kh6 38. Qh4+ Kg7 39. Qe7+ Kh6 40. Nxg4+ Kh5
41. Qh4#
1-0

[Event "Under 1500 standard"]
[Site "SchemingMind.com"]
[Date "2008.11.03"]
[Round "-"]
[White "maro"]
[Black "cdhardy22"]
[Result "1-0"]
[WhiteCountry "MEX"]
[BlackCountry "USA"]
[WhiteElo "1264"]
[WhiteRD "52"]
[BlackElo "1287"]
[BlackRD "82"]
[GameID "177413"]

1. e4 e5 2. Nc3 c6 3. Nf3 f6 4. g3 d5 5. exd5 cxd5 6. Bb5+ Bd7 7. a4 d4 8. Nd5 Bxb5 9. Nc3 Ba6 10. Nb5 Bb4
11. O-O Qa5 12. Nc7+ Qxc7 13. d3 Nc6 14. Rb1 g5 15. h3 h5 16. h4 g4 17. Nd2 Qh7 18. Qe2 Be7 19. b4 f5 20. b5 Nb4
21. bxa6 Nxa6 22. Rxb7 Nf6 23. Qxe5 Nd7 24. Qxd4 Nac5 25. Rc7 O-O 26. Re1 Bf6 27. Qd5+ Kg7 28. Ba3 Bd8 29. Bb2+ Bf6 30. Re7+ Kg6
31. Rxh7 Kxh7 32. Rxd7+ Nxd7 33. Qxd7+ Kg6 34. d4 Rfd8 35. Qc6 Rac8 36. Qb5 Rxc2 37. Nc4 a6 38. Qxa6 Re8 39. d5 Re1+ 40. Kg2 Rxb2
41. Nxb2 Re5 42. d6 f4 43. f3 Re2+ 44. Qxe2 Bxh4 45. gxh4 g3 46. Qe6+ Kg7 47. Qe5+ Kf7 48. Qxh5+ Ke6 49. Nc4 Kd7 50. Qf5+ Kc6
51. d7 Kc7 52. Qd5 Kd8 53. h5 Ke7 54. d8=Q#
1-0

[Event "Under 1500 standard"]
[Site "SchemingMind.com"]
[Date "2008.11.03"]
[Round "-"]
[White "William Anthony"]
[Black "cdhardy22"]
[Result "0-1"]
[WhiteCountry "USA"]
[BlackCountry "USA"]
[WhiteElo "1453"]
[WhiteRD "97"]
[BlackElo "1287"]
[BlackRD "82"]
[GameID "177414"]

1. d4 d5 2. e3 h5 3. c4 Bg4 4. Be2 Nf6 5. h3 dxc4 6. hxg4 Nxg4 7. Bxg4 hxg4 8. Rxh8 Nd7 9. Qa4 c6 10. Qxc4 Qa5+
11. Bd2 Qf5 12. Bc3 O-O-O 13. d5 Qc2 14. dxc6 bxc6 15. Qxc6+ Kb8 16. Qb5+ Nb6 17. Qc6 Rd1#
0-1

[Event "Under 1500 standard"]
[Site "SchemingMind.com"]
[Date "2008.11.04"]
[Round "-"]
[White "AycaguerMarcel"]
[Black "cdhardy22"]
[Result "1-0"]
[WhiteCountry "URU"]
[BlackCountry "USA"]
[WhiteElo "1453"]
[WhiteRD "101"]
[BlackElo "1287"]
[BlackRD "82"]
[GameID "177415"]

1. e4 d5 2. exd5 Qxd5 3. Nf3 Qc6 4. d4 Bf5 5. Bd3 Nh6 6. Bxh6 e6 7. Qe2 Bb4+ 8. Bd2 O-O 9. Bxb4 Rd8 10. O-O Rd5
11. Nc3 Bxd3 12. cxd3 f5 13. Nxd5 Qxd5 14. Ne5 Qxd4 15. Bc3 Qc5 16. g4 b5 17. Qf3 c6 18. Rac1 g6 19. gxf5 exf5 20. Rfe1 a5
21. Qf4 b4 22. Qg5 bxc3 23. Nxg6 hxg6 24. Qxg6+ Kf8 25. Re8#
1-0

[Event "Under 1500 standard"]
[Site "SchemingMind.com"]
[Date "2008.11.05"]
[Round "-"]
[White "jorge47"]
[Black "Manfred Kraut"]
[Result "0-1"]
[WhiteCountry "ARG"]
[BlackCountry "GER"]
[WhiteElo "1331"]
[WhiteRD "90"]
[BlackElo "1390"]
[BlackRD "72"]
[GameID "177706"]

1. e4 e5 2. Nf3 Nc6 3. Bc4 Bc5 4. O-O Nf6 5. Nc3 d6 6. Re1 O-O 7. h3 Bd7 8. Nd5 Be6 9. Nxf6+ Qxf6 10. d3 Qg6
11. Bxe6 fxe6 12. Be3 Rxf3 13. Qxf3 Rf8 14. Qe2 Nd4 15. Qd2 Nf3+
0-1

[Event "Under 1500 standard"]
[Site "SchemingMind.com"]
[Date "2008.11.10"]
[Round "-"]
[White "jorge47"]
[Black "Shanks"]
[Result "1-0"]
[WhiteCountry "ARG"]
[BlackCountry "ENG"]
[WhiteElo "1383"]
[WhiteRD "84"]
[BlackElo "1421"]
[BlackRD "72"]
[GameID "177709"]

1. e4 c6 2. Nf3 d6 3. d4 d5 4. e5 e6 5. Bd3 Ne7 6. O-O a6 7. c4 dxc4 8. Bxc4 b5 9. Be2 Nd5 10. Nc3 Nxc3
11. bxc3 h6 12. Nd2 Be7 13. Ne4 O-O 14. Be3 Qc7 15. f4 Nd7 16. Qb3 Bb7 17. a3 Nb6 18. g4 Nd5 19. c4 Nxe3 20. Rfc1 Nxc4
21. Bxc4 bxc4 22. Qxc4 c5 23. Nxc5 Bd5 24. Qc3 Bxc5 25. Qxc5 Qxc5 26. Rxc5 a5 27. Rac1 Rfb8 28. f5 Bb3 29. Rb1 a4 30. Kf2 exf5
31. gxf5 Rd8 32. Kf3 Rxd4 33. Ke3 Rdd8 34. e6 fxe6 35. fxe6 Bxe6 36. Ke4 Re8 37. Rg1 Bf7+ 38. Kf4 Re6 39. h4 Rf6+ 40. Ke4 Re8+
41. Kd3 Rf3+ 42. Kd2 Rxa3 43. Rc7 Ra2+ 44. Kd3 Ra3+ 45. Kd2 Ra2+ 46. Kc3 Rae2 47. Ra7 R2e4 48. Rf1 Rc4+ 49. Kd3
1-0

[Event "Under 1500 standard"]
[Site "SchemingMind.com"]
[Date "2008.11.05"]
[Round "-"]
[White "jorge47"]
[Black "maro"]
[Result "1-0"]
[WhiteCountry "ARG"]
[BlackCountry "MEX"]
[WhiteElo "1331"]
[WhiteRD "90"]
[BlackElo "1264"]
[BlackRD "52"]
[GameID "177710"]

1. e4 e5 2. Nf3 Bd6 3. Bc4 Nf6 4. d3 Nc6 5. O-O Na5 6. Nbd2 Bc5 7. Nb3 Nxc4 8. Nxc5 Nb6 9. Nxe5 d6 10. Nxf7 Kxf7
11. Nb3 d5 12. e5 Ne8 13. Qf3+ Ke6 14. Nc5+ Kxe5 15. Re1+ Kd4 16. Be3+ Ke5 17. Bg5+ Kd4 18. Nb3#
1-0

[Event "Under 1500 standard"]
[Site "SchemingMind.com"]
[Date "2008.11.05"]
[Round "-"]
[White "jorge47"]
[Black "cdhardy22"]
[Result "1-0"]
[WhiteCountry "ARG"]
[BlackCountry "USA"]
[WhiteElo "1364"]
[WhiteRD "88"]
[BlackElo "1238"]
[BlackRD "75"]
[GameID "177711"]

1. e4 e5 2. Nf3 f6 3. Bc4 Ne7 4. c3 d5 5. Bxd5 c6 6. Bb3 Bg4 7. O-O Qd3 8. Bc2 Qc4 9. b3 Qf7 10. h3 Bxf3
11. Qxf3 g5 12. d4 Nd7 13. dxe5 Nxe5 14. Qg3 O-O-O 15. Be3 b6 16. Bxg5 Rg8 17. Qe3 c5 18. Bf4 Qg7 19. Bg3 f5 20. exf5 Nxf5
21. Bxf5+ Nd7 22. Bxd7+ Qxd7 23. Qe5 Bd6 24. Qxd6 Qxd6 25. Bxd6 Rxd6 26. Na3 Rd3 27. Kh2 Rxc3 28. Nb5 Rc4 29. bxc4 a6 30. Nd6+ Kc7
31. Rfd1 a5 32. Nb5+ Kb7 33. Rd7+ Kc6 34. Rc7#
1-0

[Event "Under 1500 standard"]
[Site "SchemingMind.com"]
[Date "2008.11.05"]
[Round "-"]
[White "jorge47"]
[Black "William Anthony"]
[Result "0-1"]
[WhiteCountry "ARG"]
[BlackCountry "USA"]
[WhiteElo "1331"]
[WhiteRD "90"]
[BlackElo "1453"]
[BlackRD "97"]
[GameID "177712"]

1. e4 e5 2. Nf3 d6 3. h3 Nf6 4. Bc4 Nxe4 5. d3 Nc5 6. Ng5 d5 7. Bb5+ c6 8. Qf3 f6 9. b4 Ne6 10. Nxe6 Bxe6
11. Ba4 Bxb4+ 12. c3 Ba5 13. Bd2 O-O 14. Bb3 Qb6 15. a4 Qxb3 16. O-O Qb2 17. Na3 Qxd2 18. Rfc1 Bxc3 19. Rc2 e4 20. Rxd2 exf3
0-1

[Event "Under 1500 standard"]
[Site "SchemingMind.com"]
[Date "2008.11.05"]
[Round "-"]
[White "jorge47"]
[Black "AycaguerMarcel"]
[Result "1-0"]
[WhiteCountry "ARG"]
[BlackCountry "URU"]
[WhiteElo "1331"]
[WhiteRD "90"]
[BlackElo "1453"]
[BlackRD "101"]
[GameID "177713"]

1. e4 e6 2. Nf3 d5 3. exd5 exd5 4. d4 Bg4 5. Be2 Nf6 6. h3 Bxf3 7. Bxf3 Bd6 8. O-O O-O 9. Be3 Ne4 10. Nd2 f5
11. c4 c6 12. c5 Be7 13. Qb3 Qc8 14. Nxe4 fxe4 15. Bxe4 Nd7 16. Rae1 Kh8 17. Bf3 b6 18. cxb6 Rb8 19. Rc1 Qb7 20. bxa7 Qxa7
21. Qa3 Qb7 22. Qc3 c5 23. dxc5 Qxb2 24. c6 Qxc3 25. Rxc3 Nb6 26. Bxb6 Rxb6 27. c7
1-0

[Event "Under 1500 standard"]
[Site "SchemingMind.com"]
[Date "2008.11.06"]
[Round "-"]
[White "Manfred Kraut"]
[Black "jorge47"]
[Result "0-1"]
[WhiteCountry "GER"]
[BlackCountry "ARG"]
[WhiteElo "1390"]
[WhiteRD "72"]
[BlackElo "1331"]
[BlackRD "90"]
[GameID "177714"]

1. d4 d5 2. Nf3 Nf6 3. e3 e6 4. Bd3 Be7 5. O-O O-O 6. Nbd2 c5 7. c3 c4 8. Bc2 b5 9. Qe2 a5 10. b4 axb4
11. cxb4 Bxb4 12. Nb1 Ne4 13. Bd2 Nxd2 14. Nbxd2 Nc6 15. e4 dxe4 16. Bxe4 Bb7 17. h3 Rb8 18. a3 Bxd2 19. Qxd2 f5 20. Bxc6 Bxc6
21. Ne5 Ba8 22. Rfb1 Qd5 23. a4 Qxg2#
0-1

[Event "Under 1500 standard"]
[Site "SchemingMind.com"]
[Date "2008.11.10"]
[Round "-"]
[White "Shanks"]
[Black "jorge47"]
[Result "0-1"]
[WhiteCountry "ENG"]
[BlackCountry "ARG"]
[WhiteElo "1433"]
[WhiteRD "66"]
[BlackElo "1415"]
[BlackRD "93"]
[GameID "177717"]

1. d4 d5 2. a3 Bf5 3. Nc3 e6 4. Bf4 Nf6 5. h3 a6 6. Nf3 Be7 7. e3 Nbd7 8. Be2 c5 9. dxc5 Nxc5 10. O-O O-O
11. Ne5 Nfe4 12. Nxe4 Nxe4 13. b4 Nc3 14. Qd2 Nxe2+ 15. Qxe2 Rc8 16. Rac1 f6 17. Nf3 e5 18. Bh2 b5 19. c3 Be6 20. Ne1 Qb6
21. Nf3 Rc6 22. e4 Rfc8 23. exd5 Bxd5 24. Bg3 Rxc3 25. Rxc3 Rxc3 26. Ra1 Bc4 27. Qd2 Rd3 28. Qe1 a5 29. bxa5 Qa6 30. a4 b4
31. Nd2 Qa7 32. Nxc4 Rxg3 33. Ne3 Rg5 34. Ra2 Qxa5 35. Nc4 Qd5 36. Rc2 Qxg2#
0-1

[Event "Under 1500 standard"]
[Site "SchemingMind.com"]
[Date "2008.11.05"]
[Round "-"]
[White "maro"]
[Black "jorge47"]
[Result "0-1"]
[WhiteCountry "MEX"]
[BlackCountry "ARG"]
[WhiteElo "1264"]
[WhiteRD "52"]
[BlackElo "1331"]
[BlackRD "90"]
[GameID "177718"]

1. e4 c5 2. Bc4 Nc6 3. b3 a6 4. a4 g6 5. d3 Bg7 6. c3 Qa5 7. b4 cxb4 8. Ne2 bxc3 9. Nbxc3 Bxc3+ 10. Bd2 Bxd2+
11. Kf1 Ne5 12. Qc2 b5 13. Bd5 Rb8 14. g3 Nf3 15. Qa2 e6 16. Bb3 bxa4 17. Bxa4 Qb4 18. Rb1 Qxb1+ 19. Qxb1 Rxb1+ 20. Kg2 Rxh1
0-1

[Event "Under 1500 standard"]
[Site "SchemingMind.com"]
[Date "2008.11.06"]
[Round "-"]
[White "cdhardy22"]
[Black "jorge47"]
[Result "1-0"]
[WhiteCountry "USA"]
[BlackCountry "ARG"]
[WhiteElo "1287"]
[WhiteRD "82"]
[BlackElo "1331"]
[BlackRD "90"]
[GameID "177719"]

1. e4 c5 2. d4 cxd4 3. Qxd4 Nc6 4. Qa4 e5 5. Be3 Nf6 6. Nc3 Bb4 7. O-O-O Bxc3 8. bxc3 O-O 9. Nf3 b6 10. g4 Nxg4
11. Bg5 f6 12. Qb5 fxg5 13. Bc4+ Kh8 14. Qd5 Rxf3 15. h3 Nxf2 16. Rdf1 Nxh1 17. Rxf3 Qe7 18. Qg8#
1-0

[Event "Under 1500 standard"]
[Site "SchemingMind.com"]
[Date "2008.11.06"]
[Round "-"]
[White "William Anthony"]
[Black "jorge47"]
[Result "1-0"]
[WhiteCountry "USA"]
[BlackCountry "ARG"]
[WhiteElo "1472"]
[WhiteRD "95"]
[BlackElo "1364"]
[BlackRD "88"]
[GameID "177720"]

1. d4 d5 2. c4 e6 3. e3 Nf6 4. Nf3 Bb4+ 5. Bd2 Bxd2+ 6. Nbxd2 O-O 7. Be2 b6 8. Ne5 Bb7 9. Bf3 Nbd7 10. Ng4 c6
11. b3 Nxg4 12. Bxg4 f5 13. Bf3 Nf6 14. b4 Ne4 15. Nxe4 fxe4 16. Bg4 Qf6 17. O-O a5 18. a3 axb4 19. axb4 Rxa1 20. Qxa1 Ra8
21. Qc3 Qg6 22. h3 Qf6 23. cxd5 exd5 24. b5 cxb5 25. Qc7 Qc6 26. Qe7 Re8 27. Qd7 Ra8 28. Qxc6 Bxc6 29. Rc1 Bb7 30. Be6+ Kf8
31. Rc7 Rb8 32. Rf7+ Ke8 33. Rxg7 Kd8 34. Rxh7 Bc8 35. Bxc8 Kxc8 36. Rh8+ Kc7 37. Rxb8 Kxb8 38. Kf1 Kb7 39. h4 b4 40. Ke1
1-0

[Event "Under 1500 standard"]
[Site "SchemingMind.com"]
[Date "2008.11.05"]
[Round "-"]
[White "AycaguerMarcel"]
[Black "jorge47"]
[Result "1-0"]
[WhiteCountry "URU"]
[BlackCountry "ARG"]
[WhiteElo "1453"]
[WhiteRD "101"]
[BlackElo "1331"]
[BlackRD "90"]
[GameID "177721"]

1. c4 c5 2. g3 Nf6 3. Bg2 Qc7 4. d3 e6 5. Nc3 Be7 6. Nb5 Qb6 7. Bf4 d6 8. Qa4 Bd7 9. O-O-O e5 10. Bd2 a5
11. f4 Ng4 12. Nh3 Nf6 13. Rhf1 Ng4 14. fxe5 Nc6 15. exd6 Bf6 16. Nc7+ Kf8 17. Rxf6 gxf6 18. Nxa8 Qd8 19. Nb6 Qxb6 20. Nf4 Nd4
21. Qxd7 Ne5 22. Qc8+ Kg7 23. Nh5+
1-0

[Event "Under 1500 standard"]
[Site "SchemingMind.com"]
[Date "2008.11.06"]
[Round "-"]
[White "amarachirandy"]
[Black "Manfred Kraut"]
[Result "0-1"]
[WhiteCountry "NGR"]
[BlackCountry "GER"]
[WhiteElo "1092"]
[WhiteRD "112"]
[BlackElo "1380"]
[BlackRD "68"]
[GameID "177860"]

1. e4 e5 2. Bc4 Bc5 3. Qh5 Nh6 4. Qxe5+ Be7 5. Nf3 Nc6 6. Qh5 O-O 7. Nh4 Bxh4 8. g3 Bf6 9. O-O Ne5 10. d3 d6
11. Bxh6 g6 12. Qe2 Bg4 13. Qd2 Nf3+ 14. Kg2 Nxd2
0-1

[Event "Under 1500 standard"]
[Site "SchemingMind.com"]
[Date "2008.11.06"]
[Round "-"]
[White "amarachirandy"]
[Black "jorge47"]
[Result "0-1"]
[WhiteCountry "NGR"]
[BlackCountry "ARG"]
[WhiteElo "1092"]
[WhiteRD "112"]
[BlackElo "1364"]
[BlackRD "88"]
[GameID "177862"]

1. e4 c5 2. Bc4 Nc6 3. Qh5 e6 4. Bb5 Nf6 5. Qg5 h6 6. Qh4 Nd4 7. Na3 a6 8. Bc4 b5 9. Bd3 c4 10. c3 cxd3
11. cxd4 g5 12. Qh3 Nxe4 13. Qxd3 Bb7 14. f3 Nf6 15. h3 Bg7 16. b3 Nd5
0-1

[Event "Under 1500 standard"]
[Site "SchemingMind.com"]
[Date "2008.11.11"]
[Round "-"]
[White "amarachirandy"]
[Black "Shanks"]
[Result "0-1"]
[WhiteCountry "NGR"]
[BlackCountry "ENG"]
[WhiteElo "1074"]
[WhiteRD "112"]
[BlackElo "1415"]
[BlackRD "69"]
[GameID "177864"]

1. e4 d6 2. Bc4 g6 3. b3 Bg7 4. c3 e5 5. Nf3 a6 6. O-O Nd7 7. d4 exd4 8. cxd4 Ne7 9. Ng5 O-O 10. Nc3 d5
0-1

[Event "Under 1500 standard"]
[Site "SchemingMind.com"]
[Date "2008.11.06"]
[Round "-"]
[White "amarachirandy"]
[Black "maro"]
[Result "1-0"]
[WhiteCountry "NGR"]
[BlackCountry "MEX"]
[WhiteElo "1277"]
[WhiteRD "180"]
[BlackElo "1264"]
[BlackRD "52"]
[GameID "177865"]

1. e4 e5 2. Bc4 Qe7 3. Qh5 g6 4. Qd1 Bh6 5. b3 Nf6 6. d3 Ng4 7. Qxg4 O-O 8. Nh3 d6 9. Qd1 g5 10. Qh5 Qf6
11. Bxg5 Bxg5 12. Nxg5 Qh8 13. Bxf7+
1-0

[Event "Under 1500 standard"]
[Site "SchemingMind.com"]
[Date "2008.11.06"]
[Round "-"]
[White "amarachirandy"]
[Black "William Anthony"]
[Result "0-1"]
[WhiteCountry "NGR"]
[BlackCountry "USA"]
[WhiteElo "1092"]
[WhiteRD "112"]
[BlackElo "1472"]
[BlackRD "95"]
[GameID "177867"]

1. e4 e5 2. Bc4 Nh6 3. Qh5 d6 4. d3 g6 5. Qf3 Nc6 6. Bxh6 d5 7. Bxf8 dxc4 8. Bh6 cxd3 9. Qxd3 Bd7 10. Bg7 Rg8
0-1

[Event "Under 1500 standard"]
[Site "SchemingMind.com"]
[Date "2008.11.06"]
[Round "-"]
[White "amarachirandy"]
[Black "AycaguerMarcel"]
[Result "0-1"]
[WhiteCountry "NGR"]
[BlackCountry "URU"]
[WhiteElo "1092"]
[WhiteRD "112"]
[BlackElo "1493"]
[BlackRD "87"]
[GameID "177868"]

1. e4 e6 2. d3 d5 3. exd5 exd5 4. Qe2+ Be7 5. c4 d4 6. b3 Nf6 7. Qe5 Nc6 8. Qg5 O-O 9. h4 Nb4 10. Kd1 Bg4+
11. f3 Ne4 12. Qxg4 Nf2+ 13. Ke2 Nxg4 14. fxg4 Nc2
0-1

[Event "Under 1500 standard"]
[Site "SchemingMind.com"]
[Date "2008.11.06"]
[Round "-"]
[White "Manfred Kraut"]
[Black "amarachirandy"]
[Result "1-0"]
[WhiteCountry "GER"]
[BlackCountry "NGR"]
[WhiteElo "1380"]
[WhiteRD "68"]
[BlackElo "1092"]
[BlackRD "112"]
[GameID "177869"]

1. d4 d5 2. Nf3 Bg4 3. Nbd2 Bxf3 4. Nxf3 e6 5. e3 Bb4+ 6. c3 Bf8 7. Bd3 f5 8. Ne5 Bd6 9. Qh5+ g6 10. Nxg6 Nf6
11. Qh6 Kd7 12. Nxh8 Qxh8 13. O-O
1-0

[Event "Under 1500 standard"]
[Site "SchemingMind.com"]
[Date "2008.11.10"]
[Round "-"]
[White "jorge47"]
[Black "amarachirandy"]
[Result "1-0"]
[WhiteCountry "ARG"]
[BlackCountry "NGR"]
[WhiteElo "1364"]
[WhiteRD "88"]
[BlackElo "1092"]
[BlackRD "112"]
[GameID "177871"]

1. e4 e5 2. Nf3 Bb4 3. c3 Bc5 4. b4 Bf8 5. Bc4 Nc6 6. d4 exd4 7. cxd4 Bxb4+ 8. Bd2 Bxd2+ 9. Qxd2 Nf6 10. e5 Ne4
11. Bxf7+ Kxf7 12. Qf4+ Ke8 13. Qxe4 d5 14. Qf4 Rf8 15. Qe3 h6 16. Nc3
1-0

[Event "Under 1500 standard"]
[Site "SchemingMind.com"]
[Date "2008.11.07"]
[Round "-"]
[White "maro"]
[Black "amarachirandy"]
[Result "1-0"]
[WhiteCountry "MEX"]
[BlackCountry "NGR"]
[WhiteElo "1264"]
[WhiteRD "52"]
[BlackElo "1277"]
[BlackRD "180"]
[GameID "177874"]

1. e4 e5 2. Nf3 d6 3. d4 Bg4 4. Be2 Bxf3 5. Bxf3 exd4 6. Qxd4 Qf6 7. e5 c6 8. exf6 gxf6 9. O-O Nd7 10. Re1+ Ne7
11. Qxd6 Kd8 12. Bf4 Nf5 13. Qc7#
1-0

[Event "Under 1500 standard"]
[Site "SchemingMind.com"]
[Date "2008.11.06"]
[Round "-"]
[White "cdhardy22"]
[Black "amarachirandy"]
[Result "1-0"]
[WhiteCountry "USA"]
[BlackCountry "NGR"]
[WhiteElo "1238"]
[WhiteRD "75"]
[BlackElo "1092"]
[BlackRD "112"]
[GameID "177875"]

1. e4 e5 2. d4 d6 3. c3 exd4 4. Qxd4 Qf6 5. f3 Qxd4 6. cxd4 Nf6 7. Be3 Nc6 8. Bc4 Na5 9. Bb5+ c6 10. Ba4 Nc4
11. Bf4 Nh5 12. Bg5 Nxb2 13. Nc3
1-0

[Event "Under 1500 standard"]
[Site "SchemingMind.com"]
[Date "2008.11.07"]
[Round "-"]
[White "AycaguerMarcel"]
[Black "amarachirandy"]
[Result "1-0"]
[WhiteCountry "URU"]
[BlackCountry "NGR"]
[WhiteElo "1493"]
[WhiteRD "87"]
[BlackElo "1092"]
[BlackRD "112"]
[GameID "177877"]

1. d4 e6 2. Nf3 d5 3. Bf4 Bb4+ 4. c3 Bd6 5. Bxd6 Qxd6 6. Nbd2 f5 7. Qa4+ Bd7 8. Qb3 Nc6 9. Qxb7 Rd8 10. e3 Rb8
11. Qa6 Rxb2 12. Bd3 Rb6 13. Qa4 Nce7 14. Qc2
1-0